000 00611nam a2200205 4500
001 122958
003 ES-MaACL
005 20250817062555.0
007 t|
008 070214s1977 sp r ||||0| spa d
100 1 _aPurroy Unanua, Andrés.
_994423
245 1 0 _aEstudios sobre la hormona natriurética /
_cAndrés Purroy Unanua.
260 _aMadrid :
_bFundación Juan March,
_c1977.
300 _a48 p ;
_c21 cm.
490 1 _aSerie universitaria
710 2 _aFundación Juan March
_94346
830 0 _aSerie universitaria
_9180747
852 _aES-MaACL
_j2104-F-9
_bR.95741
999 _c122958
_d122958